01235cam a2200193 a 4500020004000000040000800040082002900048100002700077245008600104246003700190260005600227300004900283520050100332650002500833650002700858942001000885999001700895952012900912 a0813015162 (cloth : acidfree paper) cDLC00a712 UNI 1997 C160 Or.aB1 aJackson, Faith Reyher,10aPioneer of tropical landscape architecture :bWilliam Lyman Phillips in Florida /30aTropical landscape architecture. aGainesville :bUniversity Press of Florida,cc1997. axxi, 274 p. :bill., plans, ports. ;c23 cm. a"William Lyman Phillips (1885-1966) played a seminal role in the landscaping of Florida and in the history of landscape architecture, designing the world famous Fairchild Tropical Garden in Miami (begun in 1938) as well as hundreds of other sites, four of them on the National Register. This biography, brings to life the story of the quiet, self-effacing man whose love of Florida's tropical and subtropical botany has had such a profound influence on the way Florida looks today."--BOOK JACKET. 0aLandscape architects 0aLandscape architecture cAEDBB c19077d19077 0010406712_000000000000000_UNI_1997_C160_OR70983826aLBCbLBCd2020-03-06eA39069o712 UNI 1997 C160 Or.r2020-03-06yEK